000 00389nam a22001577a 4500
003 SGT
020 _a817671013X
082 _a540,GLA
100 _aGLASSTONE,SAMUEL
245 _aAN INTRODUCTION TO ELECTROCHEMISTRY
250 _a1ST
260 _aNEW DELHI
_bAFFILIATED EAST WEST PRESS PRIVATE LIMTED
_c2016
300 _a557
650 _aCHEMISTRY, ELECTROCHEMISTRY
942 _2ddc
_cFPS
999 _c9855
_d9855